Main Hero/Villain From Every Warner Bros. Animated Movie - Statistics

General Stats
  • This quiz has been taken 7 times
  • The average score is 8 of 46
Answer Stats
Hint Answer % Correct
Batman: Mask of the Phantasm (Hero): Batman
80%
The Lego Batman Movie (Hero): Batman
80%
Space Jam: A New Legacy (Hero): Bugs Bunny/LeBron James
60%
Space Jam (Hero): Bugs Bunny/Michael Jordan
60%
The Lego Batman Movie (Villain): Joker
60%
The Iron Giant (Hero): The Iron Giant
60%
Batman: Mask of the Phantasm (Villain): The Phantasm/Joker
60%
Looney Tunes: Back in Action (Hero): Bugs Bunny/Daffy Duck
40%
DC League of Super-Pets (Hero): Krypto
40%
Osmosis Jones (Hero): Osmosis Jones
40%
Tom & Jerry (Hero): Tom & Jerry
40%
Cats Don’t Dance (Villain): Darla Dimple
20%
The Lego Movie (Hero): Emmet
20%
The Lego Movie 2: The Second Part (Hero): Emmet/Lucy
20%
Storks (Villain): Hunter
20%
The Iron Giant (Villain): Kent Mansley
20%
The Lego Movie (Villain): Lord Business
20%
Teen Titans Go! to the Movies (Hero): Robin
20%
Scoob! (Hero): Scooby-Doo/Shaggy
20%
Quest for Camelot (Villain): Sir Ruber
20%
Osmosis Jones (Villain): Thrax
20%
Space Jam: A New Legacy (Villain): Al-G Rhythm
0%
Tom & Jerry (Villain): Aunty Pristine Figg/Terrance Mendoza
0%
Happy Feet Two (Villain): Boss Skua/Doomberg
0%
Cats Don’t Dance (Hero): Danny
0%
Scoob! (Villain): Dick Dastardly
0%
Storks (Hero): Junior
0%
Quest for Camelot (Hero): Kayley
0%
The Lego Ninjago Movie (Hero): Lloyd Garmadon
0%
Mummies (Villain): Lord Carnaby
0%
The Lego Ninjago Movie (Villain): Lord Garmadon
0%
The Ant Bully (Hero): Lucas Nickle
0%
DC League of Super-Pets (Villain): Lulu
0%
Smallfoot (Hero): Migo
0%
Looney Tunes: Back in Action (Villain): Mr. Chairman
0%
Space Jam (Villain): Mr. Swackhammer
0%
Happy Feet (Hero): Mumble
0%
Happy Feet Two (Hero): Mumble
0%
Happy Feet (Villain): Noah the Elder
0%
The Lego Movie 2: The Second Part (Villain): Rex Dangervest
0%
Teen Titans Go! to the Movies (Villain): Slade
0%
Legend of the Guardians: The Owls of Ga’Hoole (Hero): Soren
0%
The Ant Bully (Villain): Stan Beals
0%
Legend of the Guardians: The Owls of Ga’Hoole (Villain): Surtr
0%
Smallfoot (Villain): The Stonekeeper
0%
Mummies (Hero): Thut
0%
No matching quizzes found
Score Distribution
Percent of People with Each Score
Percentile by Number Answered
Your Score History
You have not taken this quiz